Clic Un film dans un film - 2 - Statistiques

Statistiques générales
  • Ce quiz a été pris 24 fois
  • Le résultat moyen est 2 sur 20
Statistiques - réponses
Hint Extra Hint Explanation Réponse % Correct
Brice de Nice 2004 - James Huth Kathryn Bigelow Point Break
57%
Le Château de ma mère 1990 - Yves Robert Marcel Pagnol La femme du boulanger
29%
Gremlins 1984 - Joe Dante Disney Blanche-Neige et les Sept Nains
19%
Jarhead 2005 - Sam Mendes Francis Ford Coppola Apocalypse now
14%
Meurtre mystérieux à Manhattan 1993 - Woody Allen Billy Wilder Assurance sur la mort
14%
1941 1979 - Steven Spielberg Disney Dumbo
14%
Le coup du parapluie 1980 - Gérard Oury André Hunebelle Le Capitan
14%
Aviator 2004 - Martin Scorsese Howard Hughes Les Anges de l'Enfer
14%
Australia 2008 - Baz Luhrmann Victor Fleming Magicien d'Oz
14%
Tombe les filles et tais-toi 1972 - Herbert Ross Michael Curtiz Casablanca
10%
Vivre sa vie 1962 - Jean-Luc Godard Carl Dreyer La passion de Jeanne d'Arc
10%
Antoine et Colette 1962 - François Truffaut François Truffaut Les quatre cents coups
10%
Là-haut, un roi au-dessus des nuages 2004 - Pierre Schoendoerffer Pierre Schoendoerffer La 317e Section
5%
Arizona Dream 1993 - Emir Kusturica Alfred Hitchcock La mort aux trousses
5%
Bellissima 1951 - Luchino Visconti Howard Hawks La rivière rouge
5%
L'As des As 1982 - Gérard Oury Léni Riefesntahl Les Dieux du stade
5%
E.T., l'extra-terrestre 1982 - Steven Spielberg John Ford L'homme tranquille
5%
Les Enfants du silence 1986 - Randa Haines Billy Wilder Certains l'aiment chaud
0%
Austin Powers 2 : L'Espion qui m'a tirée 1999 - Jay Roach Roland Emmerich Independence Day
0%
Tais-toi ! 2003 - Francis Veber Chris Wedge L'âge de glace
0%
Aucun quiz correspondant
Distribution des résultats
% des personnes avec chaque résultat
Percentile par nombre de réponses
Votre historique - résultats
Vous n’avez pas pris ce quiz